000 00849nam a2200241Ia 4500
003 OSt
005 20251127155805.0
008 210719s2008 xx 000 0 und d
040 _cAL
041 _aKannada
082 _aK894.8 PUSR
100 _aPUSTAKA LOKADA ANANYARU
_dಪುಸ್ತಕ ಲೋಕದ ಅನನ್ಯರು
_9247039
245 _aRaghavendra prakashana
_bರಾಘವೇಂದ್ರ ಪ್ರಕಾಶನ
260 _aBengaluru
_bAbhinava Prakashana
_c2008
300 _a58
_bPB
365 _cRs
440 _aChi Shreenivasaraju Nenapina Pustaka-7
_9247040
650 _aKannada Miscellaneous
_9247041
650 _aKannada Miscellaneous
_9247041
700 _aBasavaraju (J P)
_dಜೆ ಪಿ ಬಸವರಾಜು
_9247042
906 _aBasavaraju ; by ; Ed ; Ji ; Pi ; prakashana ; Raghavendra
942 _2ddc
_cBK
999 _c214988
_d214988